000 00441ntaaa2200181 4500
003 01
005 20251027202314.0
008 0714s1973 ag 01
040 _aAR-BaBN
_bspa
_cAR-BaBN
_eaacr
_dRIC
082 _a280.1000 C74r
100 _aConsejo mundial de iglesias
245 _aRequisitos de la unidad
250 _a1 ed.
260 _aBuenos Aires :
_bAurora,
_c1975
300 _a103 p
650 _aecuminismo
_921620
942 _cBK
999 _c17849
_d17849